[Event "Torneo Magistral de Salamanca"]
[Site "Salamanca ESP"]
[Date "2005.07.10"]
[Round "1.1"]
[White "Lopez Rodriguez, Jose Luis"]
[Black "Sanz Alonso, Francisco Javier"]
[Result "0-1"]
[WhiteElo "2226"]
[BlackElo "2368"]
[PlyCount "92"]
[EventDate "2005.07.10"]
[EventType "tourn"]
[EventRounds "9"]
[EventCountry "ESP"]
[EventCategory "7"]
[Source "lmi"]
[SourceDate "2005.07.17"]

1. e4 e5 2. Nf3 Nc6 3. Bb5 a6 4. Ba4 Nf6 5. O-O Be7 6. Re1 b5 7. Bb3 O-O 8. a4
Bb7 9. Nc3 Na5 10. Ba2 d6 11. d4 b4 12. Nd5 Nxd5 13. Bxd5 c6 14. Ba2 Qc7 15. c3
c5 16. cxb4 cxb4 17. Bd2 exd4 18. Bxb4 Nc6 19. Ba3 Qb6 20. Qd2 Rad8 21. Rad1
Bf6 22. Bd5 a5 23. b3 Rfe8 24. Bb2 Nb4 25. Bxb7 Qxb7 26. Nxd4 Rxe4 27. Nf5 Bxb2
28. Qxb2 f6 29. Qc3 Rxe1+ 30. Qxe1 d5 31. Qe6+ Qf7 32. Qb6 Ra8 33. Rc1 Qd7 34.
g4 Kh8 35. Rc7 Qe8 36. Re7 Qb8 37. Qe6 Qc8 38. Qd6 Qc1+ 39. Kg2 Rg8 40. Qd7 Qf4
41. Nd6 h5 42. h3 Nd3 43. Qf5 Qxf5 44. Nxf5 hxg4 45. hxg4 Ne5 46. g5 Rb8 0-1

[Event "Torneo Magistral de Salamanca"]
[Site "Salamanca ESP"]
[Date "2005.07.10"]
[Round "1.2"]
[White "Ibarra Jerez, Jose Carlos"]
[Black "Vasilev, Milen"]
[Result "0-1"]
[WhiteElo "2439"]
[BlackElo "2419"]
[PlyCount "97"]
[EventDate "2005.07.10"]
[EventType "tourn"]
[EventRounds "9"]
[EventCountry "ESP"]
[EventCategory "7"]
[Source "lmi"]
[SourceDate "2005.07.17"]

1. e4 c5 2. Nf3 d6 3. d4 cxd4 4. Nxd4 Nf6 5. Nc3 g6 6. Be3 Bg7 7. f3 a6 8. Qd2
Nbd7 9. O-O-O b5 10. Bh6 Bxh6 11. Qxh6 Bb7 12. Bd3 Rc8 13. Kb1 e5 14. Nb3 Qb6
15. Rhe1 b4 16. Nd5 Nxd5 17. exd5 Bxd5 18. Bxa6 Qxa6 19. Rxd5 Rxc2 20. Kxc2
Qc4+ 21. Kb1 Qxd5 22. Qg7 Rf8 23. Qxh7 Qd3+ 24. Ka1 Nf6 25. Qh3 Nd5 26. Rc1 Ke7
27. Qh4+ Ke6 28. Qg4+ Kf6 29. Qh4+ Ke6 30. Qg4+ Kf6 31. Qh4+ Kg7 32. Qe4 Qxe4
33. fxe4 Ne3 34. g3 f5 35. Nd2 fxe4 36. Nxe4 d5 37. Nc5 Ra8 38. Kb1 e4 39. Re1
Nc4 40. Rd1 e3 41. Rxd5 e2 42. Nd3 Nd2+ 43. Kc2 Nf3 44. Rd7+ Kf6 45. Rd6+ Ke7
46. Rxg6 Rc8+ 47. Kb1 Nd2+ 48. Ka1 e1=Q+ 49. Nc1 0-1

[Event "Torneo Magistral de Salamanca"]
[Site "Salamanca ESP"]
[Date "2005.07.10"]
[Round "1.3"]
[White "Dunis, Aurelien"]
[Black "Gomez Esteban, Juan Mario"]
[Result "1/2-1/2"]
[WhiteElo "2485"]
[BlackElo "2467"]
[PlyCount "115"]
[EventDate "2005.07.10"]
[EventType "tourn"]
[EventRounds "9"]
[EventCountry "ESP"]
[EventCategory "7"]
[Source "lmi"]
[SourceDate "2005.07.17"]

1. c4 e5 2. g3 Nf6 3. Bg2 d5 4. cxd5 Nxd5 5. Nc3 Nb6 6. Nf3 Nc6 7. O-O Be7 8.
d3 Be6 9. Be3 Nd5 10. Nxd5 Bxd5 11. Rc1 O-O 12. Qa4 Re8 13. Rfd1 a6 14. a3 Bd6
15. Ng5 Bxg2 16. Kxg2 Nd4 17. Qc4 Qe7 18. Bxd4 Qxg5 19. Bc5 Bxc5 20. Qxc5 c6
21. d4 h6 22. d5 cxd5 23. Qxd5 Re7 24. Rc4 Rae8 25. a4 e4 26. Qxg5 hxg5 27. Rd6
f6 28. a5 Kh7 29. g4 Kg6 30. e3 Kf7 31. Kg3 Rh8 32. Rcd4 Rhe8 33. Rd7 Rxd7 34.
Rxd7+ Re7 35. Rxe7+ Kxe7 36. f3 exf3 37. Kxf3 Kd6 38. Ke4 g6 39. Kd4 f5 40. h3
Ke6 41. Kd3 Kd5 42. Ke2 Ke4 43. Kf2 Kd3 44. Kf3 Kc4 45. Kg3 Kd5 46. Kf3 Ke5 47.
Kf2 Kd6 48. Kg3 Kd5 49. Kf3 Kc5 50. Kg3 Kc4 51. gxf5 gxf5 52. h4 gxh4+ 53. Kxh4
Kd3 54. Kg5 Kxe3 55. Kxf5 Kd4 56. Ke6 Kc5 57. Kd7 Kb5 58. Kc7 1/2-1/2

[Event "Torneo Magistral de Salamanca"]
[Site "Salamanca ESP"]
[Date "2005.07.10"]
[Round "1.5"]
[White "Garcia Garcia, Ruben"]
[Black "Romero Holmes, Alfonso"]
[Result "0-1"]
[WhiteElo "2343"]
[BlackElo "2503"]
[PlyCount "52"]
[EventDate "2005.07.10"]
[EventType "tourn"]
[EventRounds "9"]
[EventCountry "ESP"]
[EventCategory "7"]
[Source "lmi"]
[SourceDate "2005.07.17"]

1. Nc3 d5 2. Nf3 Nf6 3. d4 g6 4. g3 Bg7 5. Bg2 Ne4 6. Nxe4 dxe4 7. Ne5 f6 8.
Nc4 Be6 9. Ne3 f5 10. c3 Nd7 11. f3 exf3 12. Bxf3 c6 13. g4 fxg4 14. Nxg4 Qc7
15. Bg5 Nb6 16. e3 Nc4 17. b3 Qa5 18. bxc4 Qxg5 19. h4 Qa5 20. Qd3 Qf5 21. Qe2
O-O 22. O-O Qa5 23. Rab1 Qc7 24. Kg2 Qd7 25. Rh1 Rxf3 26. Qxf3 Bxg4 0-1

[Event "Torneo Magistral de Salamanca"]
[Site "Salamanca ESP"]
[Date "2005.07.11"]
[Round "2.1"]
[White "Romero Holmes, Alfonso"]
[Black "Sanz Alonso, Francisco Javier"]
[Result "1/2-1/2"]
[WhiteElo "2503"]
[BlackElo "2368"]
[PlyCount "39"]
[EventDate "2005.07.10"]
[EventType "tourn"]
[EventRounds "9"]
[EventCountry "ESP"]
[EventCategory "7"]
[Source "lmi"]
[SourceDate "2005.07.17"]

1. d4 Nf6 2. Nf3 c5 3. d5 e6 4. Nc3 exd5 5. Nxd5 Nxd5 6. Qxd5 Be7 7. e4 O-O 8.
c3 d6 9. Bc4 Nd7 10. Bb3 Nf6 11. Qd3 b6 12. O-O Bb7 13. Re1 Re8 14. Ng5 d5 15.
exd5 Bxd5 16. Ba4 Rf8 17. Bc2 g6 18. c4 Bc6 19. Qc3 Re8 20. Nf3 1/2-1/2

[Event "Torneo Magistral de Salamanca"]
[Site "Salamanca ESP"]
[Date "2005.07.11"]
[Round "2.3"]
[White "Gomez Esteban, Juan Mario"]
[Black "Galego, Luis"]
[Result "1/2-1/2"]
[WhiteElo "2467"]
[BlackElo "2501"]
[PlyCount "133"]
[EventDate "2005.07.10"]
[EventType "tourn"]
[EventRounds "9"]
[EventCountry "ESP"]
[EventCategory "7"]
[Source "lmi"]
[SourceDate "2005.07.17"]

1. d4 Nf6 2. c4 e6 3. Nc3 Bb4 4. Qc2 c5 5. dxc5 Bxc5 6. Nf3 O-O 7. Bg5 Be7 8.
e4 d6 9. Rd1 Qa5 10. Be2 Nbd7 11. O-O a6 12. a3 Qc7 13. Rd2 b6 14. Rfd1 Bb7 15.
b4 Rac8 16. Rc1 Qb8 17. Qb1 h6 18. Bh4 Rfe8 19. Bd3 Bf8 20. Rdd1 Ng4 21. Bg3
Nge5 22. Nxe5 Nxe5 23. Na4 Bc6 24. b5 axb5 25. cxb5 Ba8 26. Bf1 Rxc1 27. Qxc1
Bxe4 28. Nc3 Bg6 29. Qe3 Rc8 30. Na2 Nc4 31. Qb3 Na5 32. Qe3 Qb7 33. Bxd6 Rd8
34. Qe5 Qe4 35. Nc3 Qxe5 36. Bxe5 Rxd1 37. Nxd1 Bxa3 38. Bc7 Bc5 39. Nb2 Bc2
40. Nd3 Bd4 41. Ne5 Nb3 42. Nc4 Kf8 43. Bxb6 Bxb6 44. Nxb6 Ke7 45. Nc4 Nc5 46.
f3 Bb3 47. Kf2 Bxc4 48. Bxc4 Kd6 49. Ke3 g5 50. f4 Nd7 51. g3 Kc5 52. Be2 f6
53. fxg5 fxg5 54. Ke4 Kd6 55. h4 Nf6+ 56. Kd4 e5+ 57. Kc4 g4 58. Bd3 Nh5 59.
Bf5 Nxg3 60. Bxg4 Ne4 61. b6 Nf6 62. Bc8 Kc6 63. b7 Kc7 64. Kc5 Kb8 65. Kc4 Kc7
66. Kc5 Kb8 67. Kc4 1/2-1/2

[Event "Torneo Magistral de Salamanca"]
[Site "Salamanca ESP"]
[Date "2005.07.11"]
[Round "2.4"]
[White "Vasilev, Milen"]
[Black "Dunis, Aurelien"]
[Result "1/2-1/2"]
[WhiteElo "2419"]
[BlackElo "2485"]
[PlyCount "120"]
[EventDate "2005.07.10"]
[EventType "tourn"]
[EventRounds "9"]
[EventCountry "ESP"]
[EventCategory "7"]
[Source "lmi"]
[SourceDate "2005.07.17"]

1. d4 d5 2. Bf4 Nf6 3. e3 c5 4. c3 Nc6 5. Nf3 Qb6 6. Qc1 Bf5 7. Be2 e6 8. Nbd2
Rc8 9. dxc5 Bxc5 10. O-O O-O 11. Nb3 Be7 12. Nfd4 Bg6 13. Qd1 Rfd8 14. a4 a6
15. a5 Qa7 16. Nd2 Nd7 17. N2f3 Bf6 18. Bg5 Bxg5 19. Nxg5 Nce5 20. Bh5 Nf6 21.
Bxg6 hxg6 22. f4 Nc4 23. Qe2 Re8 24. Qf2 Qc5 25. Rae1 Qxa5 26. Ndf3 Qb6 27. Ne5
Ne4 28. Nxe4 dxe4 29. Nxc4 Rxc4 30. Rd1 Rd8 31. Rxd8+ Qxd8 32. Qc2 Qb6 33. Kf2
Rc5 34. Rd1 g5 35. fxg5 Rf5+ 36. Ke2 Rxg5 37. Qxe4 Qxb2+ 38. Rd2 Qb5+ 39. c4
Qf5 40. Rd8+ Kh7 41. Qxf5+ Rxf5 42. Rc8 Kg6 43. Rc7 b5 44. c5 a5 45. e4 Rh5 46.
Kd3 Rxh2 47. Ra7 Rxg2 48. Rxa5 b4 49. Rb5 b3 50. Kd4 b2 51. Ke5 Rc2 52. Kd6 f5
53. exf5+ exf5 54. c6 f4 55. c7 f3 56. Rxb2 Rxc7 57. Kxc7 Kf5 58. Kd6 Kf4 59.
Kd5 Kg3 60. Ke4 f2 1/2-1/2

[Event "Torneo Magistral de Salamanca"]
[Site "Salamanca ESP"]
[Date "2005.07.11"]
[Round "2.5"]
[White "Lopez Rodriguez, Jose Luis"]
[Black "Ibarra Jerez, Jose Carlos"]
[Result "0-1"]
[WhiteElo "2226"]
[BlackElo "2439"]
[PlyCount "72"]
[EventDate "2005.07.10"]
[EventType "tourn"]
[EventRounds "9"]
[EventCountry "ESP"]
[EventCategory "7"]
[Source "lmi"]
[SourceDate "2005.07.17"]

1. e4 c5 2. Nf3 d6 3. d4 cxd4 4. Nxd4 Nf6 5. Nc3 a6 6. Be3 Ng4 7. Bg5 h6 8. Bh4
g5 9. Bg3 Bg7 10. Nf5 Bxf5 11. exf5 Ne5 12. Nd5 Nbd7 13. Qd2 Nb6 14. f6 exf6
15. O-O-O f5 16. f4 gxf4 17. Bxf4 Nxd5 18. Qxd5 O-O 19. Qxd6 Ng6 20. Qxd8 Rfxd8
21. Rxd8+ Rxd8 22. Bg3 Bd4 23. Bd3 Be3+ 24. Kb1 f4 25. Be1 Ne5 26. Bh4 Rd6 27.
Rd1 Kg7 28. Be7 Re6 29. Bh4 Rd6 30. Be7 Re6 31. Bh4 Nxd3 32. Rxd3 Rg6 33. g3 f3
34. Be7 f2 35. Rd1 Bd2 36. Rf1 Re6 0-1

[Event "Torneo Magistral de Salamanca"]
[Site "Salamanca ESP"]
[Date "2005.07.12"]
[Round "3.1"]
[White "Sanz Alonso, Francisco Javier"]
[Black "Ibarra Jerez, Jose Carlos"]
[Result "1-0"]
[WhiteElo "2368"]
[BlackElo "2439"]
[PlyCount "89"]
[EventDate "2005.07.10"]
[EventType "tourn"]
[EventRounds "9"]
[EventCountry "ESP"]
[EventCategory "7"]
[Source "lmi"]
[SourceDate "2005.07.17"]

1. e4 c5 2. Nf3 Nf6 3. e5 Nd5 4. d4 cxd4 5. c3 e6 6. cxd4 d6 7. Bc4 Nc6 8. O-O
Be7 9. Qe2 O-O 10. a3 Qb6 11. Qe4 Na5 12. Nbd2 Nxc4 13. Nxc4 Qc7 14. Nxd6 Bxd6
15. exd6 Qxd6 16. Ng5 Nf6 17. Qh4 Rd8 18. Nf3 Nd5 19. Re1 f6 20. Bd2 Bd7 21.
Re4 Be8 22. Qh3 Bf7 23. Rae1 Re8 24. R1e2 Rac8 25. Ne1 Qa6 26. Nd3 Bg6 27. Nc5
Rxc5 28. dxc5 Bxe4 29. Rxe4 f5 30. Re1 Qc4 31. b4 Qd4 32. Qh5 Rd8 33. Bg5 g6
34. Qe2 Re8 35. Qb5 Rf8 36. Qd7 Qg7 37. Qxe6+ Qf7 38. Qd6 Nc3 39. f3 Re8 40.
Rxe8+ Qxe8 41. Be7 Nb5 42. Qd5+ Qf7 43. Qxb7 Nxa3 44. c6 Qe6 45. Qb8+ 1-0

[Event "Torneo Magistral de Salamanca"]
[Site "Salamanca ESP"]
[Date "2005.07.12"]
[Round "3.2"]
[White "Dunis, Aurelien"]
[Black "Lopez Rodriguez, Jose Luis"]
[Result "1-0"]
[WhiteElo "2485"]
[BlackElo "2226"]
[PlyCount "47"]
[EventDate "2005.07.10"]
[EventType "tourn"]
[EventRounds "9"]
[EventCountry "ESP"]
[EventCategory "7"]
[Source "lmi"]
[SourceDate "2005.07.17"]

1. d4 d5 2. c4 e6 3. Nf3 Nf6 4. g3 c5 5. Bg2 Nc6 6. O-O cxd4 7. Nxd4 Bc5 8.
Nxc6 bxc6 9. Qc2 Be7 10. Rd1 O-O 11. e4 Qa5 12. exd5 cxd5 13. Nc3 Bb7 14. cxd5
Nxd5 15. Nxd5 Bxd5 16. Bxd5 exd5 17. Bd2 Qb5 18. Rac1 Bf6 19. b3 h6 20. Be3
Rfe8 21. Qd3 a6 22. Qxd5 Red8 23. Qf3 Rac8 24. Bxh6 1-0

[Event "Torneo Magistral de Salamanca"]
[Site "Salamanca ESP"]
[Date "2005.07.12"]
[Round "3.3"]
[White "Galego, Luis"]
[Black "Vasilev, Milen"]
[Result "1/2-1/2"]
[WhiteElo "2501"]
[BlackElo "2419"]
[PlyCount "74"]
[EventDate "2005.07.10"]
[EventType "tourn"]
[EventRounds "9"]
[EventCountry "ESP"]
[EventCategory "7"]
[Source "lmi"]
[SourceDate "2005.07.17"]

1. c4 e5 2. g3 Nc6 3. Bg2 Nf6 4. Nc3 Bc5 5. e3 O-O 6. Nge2 d5 7. cxd5 Nb4 8.
O-O Nbxd5 9. Nxd5 Nxd5 10. d4 exd4 11. Nxd4 c6 12. a3 Qf6 13. Nb3 Bb6 14. Qc2
a5 15. Nc5 Re8 16. e4 Nc7 17. Be3 Bxc5 18. Bxc5 Ne6 19. Bb6 Ra6 20. Be3 Nd4 21.
Bxd4 Qxd4 22. Rfd1 Qb6 23. Qc3 Be6 24. Rd6 Raa8 25. Rad1 Rad8 26. e5 Rxd6 27.
Rxd6 Rd8 28. Qd2 Rxd6 29. Qxd6 g6 30. b4 Kg7 31. h4 Qb5 32. h5 gxh5 33. f4 Qe2
34. Qe7 Bd5 35. Qg5+ Kf8 36. Qd8+ Kg7 37. Bxd5 cxd5 1/2-1/2

[Event "Torneo Magistral de Salamanca"]
[Site "Salamanca ESP"]
[Date "2005.07.12"]
[Round "3.5"]
[White "Romero Holmes, Alfonso"]
[Black "Zlotnik, Boris A"]
[Result "1-0"]
[WhiteElo "2503"]
[BlackElo "2434"]
[PlyCount "71"]
[EventDate "2005.07.10"]
[EventType "tourn"]
[EventRounds "9"]
[EventCountry "ESP"]
[EventCategory "7"]
[Source "lmi"]
[SourceDate "2005.07.17"]

1. e4 e6 2. Nc3 d5 3. Nf3 Nf6 4. e5 Nfd7 5. d4 c5 6. dxc5 Nc6 7. Bf4 Bxc5 8.
Bd3 f6 9. exf6 Nxf6 10. Qe2 O-O 11. O-O-O Bd7 12. Ne5 Qe7 13. Rhe1 Nxe5 14.
Bxe5 Bc6 15. g4 Nd7 16. Bg3 Rae8 17. a3 Qf6 18. Qd2 a6 19. f4 Bd6 20. g5 Qd8
21. Bf1 Nb6 22. Ne4 Be7 23. Qa5 Nd7 24. Qxd8 Bxd8 25. Nd6 Re7 26. Bh3 Nc5 27.
Bf2 Bb6 28. f5 e5 29. f6 gxf6 30. gxf6 Rc7 31. f7+ Kg7 32. Rg1+ Kh8 33. Bg3 Re7
34. Nc8 Rfxf7 35. Nxb6 d4 36. Nc8 1-0

[Event "Torneo Magistral de Salamanca"]
[Site "Salamanca ESP"]
[Date "2005.07.12"]
[Round "4.2"]
[White "Gomez Esteban, Juan Mario"]
[Black "Romero Holmes, Alfonso"]
[Result "1/2-1/2"]
[WhiteElo "2467"]
[BlackElo "2503"]
[PlyCount "36"]
[EventDate "2005.07.10"]
[EventType "tourn"]
[EventRounds "9"]
[EventCountry "ESP"]
[EventCategory "7"]
[Source "lmi"]
[SourceDate "2005.07.17"]

1. d4 Nf6 2. c4 g6 3. Nc3 Bg7 4. e4 d6 5. Be2 O-O 6. Nf3 Bg4 7. Be3 Nfd7 8. Rc1
a6 9. h3 Bxf3 10. Bxf3 c5 11. d5 b5 12. Be2 Qa5 13. Bd2 b4 14. Na4 Nb6 15. Nxb6
Qxb6 16. Rb1 Nd7 17. O-O Rae8 18. Be3 e6 1/2-1/2

[Event "Torneo Magistral de Salamanca"]
[Site "Salamanca ESP"]
[Date "2005.07.12"]
[Round "4.3"]
[White "Vasilev, Milen"]
[Black "Garcia Garcia, Ruben"]
[Result "1-0"]
[WhiteElo "2419"]
[BlackElo "2343"]
[PlyCount "64"]
[EventDate "2005.07.10"]
[EventType "tourn"]
[EventRounds "9"]
[EventCountry "ESP"]
[EventCategory "7"]
[Source "lmi"]
[SourceDate "2005.07.17"]

1. d4 g6 2. c4 Bg7 3. Nc3 Nf6 4. Nf3 O-O 5. g3 d6 6. Bg2 a6 7. O-O Nc6 8. b3
Rb8 9. Bb2 b5 10. cxb5 axb5 11. Rc1 b4 12. Na4 Na5 13. Qc2 c6 14. Nd2 Bh6 15.
Rfe1 Be6 16. e4 Rb5 17. Rcd1 Qd7 18. d5 cxd5 19. Bxf6 exf6 20. exd5 Bg4 21. Rc1
Bf5 22. Qb2 Qa7 23. Rcd1 Bg7 24. Nf3 Rbb8 25. Qd4 Qd7 26. Qf4 g5 27. Qd2 Bg4
28. Re4 Qf5 29. Nd4 Qd7 30. Rde1 Rfc8 31. Nc6 Nxc6 32. dxc6 Qf5 1-0

[Event "Torneo Magistral de Salamanca"]
[Site "Salamanca ESP"]
[Date "2005.07.12"]
[Round "4.5"]
[White "Ibarra Jerez, Jose Carlos"]
[Black "Dunis, Aurelien"]
[Result "1/2-1/2"]
[WhiteElo "2439"]
[BlackElo "2485"]
[PlyCount "79"]
[EventDate "2005.07.10"]
[EventType "tourn"]
[EventRounds "9"]
[EventCountry "ESP"]
[EventCategory "7"]
[Source "lmi"]
[SourceDate "2005.07.17"]

1. e4 c5 2. Nf3 d6 3. d4 cxd4 4. Nxd4 Nf6 5. f3 e6 6. c4 Nc6 7. Nc3 Be7 8. Be3
O-O 9. Be2 d5 10. cxd5 exd5 11. Nxc6 bxc6 12. exd5 Nxd5 13. Nxd5 cxd5 14. O-O
Bf6 15. Bd4 Be6 16. Qd2 Rb8 17. b4 Bxd4+ 18. Qxd4 Qe7 19. a3 Rfc8 20. Rfc1 h5
21. h4 Rc7 22. Bd3 Rbc8 23. Rxc7 Qxc7 24. a4 Qc3 25. Qxc3 Rxc3 26. Bf1 Kf8 27.
Rd1 Ke7 28. Kf2 Kd6 29. f4 Rc2+ 30. Ke3 Bf5 31. g3 Rc3+ 32. Kf2 Rc2+ 33. Ke3
Rc3+ 34. Kf2 Be4 35. Be2 g6 36. a5 Rc2 37. Ke3 Rc3+ 38. Kf2 Rc2 39. Ke3 Rc3+
40. Kf2 1/2-1/2

[Event "Torneo Magistral de Salamanca"]
[Site "Salamanca ESP"]
[Date "2005.07.13"]
[Round "5.1"]
[White "Sanz Alonso, Francisco Javier"]
[Black "Dunis, Aurelien"]
[Result "0-1"]
[WhiteElo "2368"]
[BlackElo "2485"]
[PlyCount "56"]
[EventDate "2005.07.10"]
[EventType "tourn"]
[EventRounds "9"]
[EventCountry "ESP"]
[EventCategory "7"]
[Source "lmi"]
[SourceDate "2005.07.17"]

1. e4 c5 2. Nf3 d6 3. d4 cxd4 4. Nxd4 Nf6 5. Nc3 a6 6. Bg5 e6 7. f4 Be7 8. Qf3
Qc7 9. O-O-O Nbd7 10. g4 b5 11. Bxf6 Nxf6 12. g5 Nd7 13. f5 Nc5 14. f6 gxf6 15.
gxf6 Bf8 16. Qh5 Rg8 17. e5 Bd7 18. Bxb5 axb5 19. Ndxb5 Bxb5 20. Nxb5 Nb3+ 21.
Kb1 Qa5 22. Nc3 Nc5 23. Rd4 Rb8 24. Nd1 Nd7 25. Qxh7 Qxe5 26. Qxg8 Qxd4 27. h4
Nxf6 28. Qh8 Rb5 0-1

[Event "Torneo Magistral de Salamanca"]
[Site "Salamanca ESP"]
[Date "2005.07.13"]
[Round "5.2"]
[White "Galego, Luis"]
[Black "Ibarra Jerez, Jose Carlos"]
[Result "1/2-1/2"]
[WhiteElo "2501"]
[BlackElo "2439"]
[PlyCount "122"]
[EventDate "2005.07.10"]
[EventType "tourn"]
[EventRounds "9"]
[EventCountry "ESP"]
[EventCategory "7"]
[Source "lmi"]
[SourceDate "2005.07.17"]

1. e4 c5 2. Nf3 d6 3. Nc3 a6 4. g3 b5 5. Bg2 Bb7 6. d3 Nf6 7. O-O e6 8. a3 Qc7
9. Nh4 Be7 10. f4 Nbd7 11. h3 O-O-O 12. Nf3 h6 13. Qe1 d5 14. exd5 Nxd5 15.
Nxd5 Bxd5 16. Bd2 Bd6 17. Ba5 Nb6 18. Ne5 Bxg2 19. Kxg2 f6 20. Ng6 Rhe8 21. Qe4
Qb7 22. Rae1 Qxe4+ 23. Rxe4 Bc7 24. Bxb6 Bxb6 25. Rfe1 Kd7 26. a4 Rb8 27. axb5
axb5 28. b3 Ba5 29. Ra1 Ra8 30. Kf3 Bc3 31. Rxa8 Rxa8 32. Re2 h5 33. g4 hxg4+
34. hxg4 f5 35. Kg3 Kd6 36. Kh4 fxg4 37. Kxg4 Ra1 38. Kf3 Kd5 39. Kg2 Bf6 40.
Nf8 e5 41. Ng6 exf4 42. Nxf4+ Kd4 43. Ne6+ Kd5 44. c4+ Kc6 45. Nf4 Rb1 46. Re6+
Kd7 47. Rb6 b4 48. Kf3 Rxb3 49. Ke4 Ra3 50. Ne6 Be7 51. Nxg7 Bd8 52. Rb7+ Kc6
53. Rb5 Ra5 54. Rxa5 Bxa5 55. d4 cxd4 56. Kxd4 b3 57. Kd3 Kc5 58. Ne6+ Kb4 59.
Nd4 b2 60. Kc2 Kxc4 61. Kxb2 Bc3+ 1/2-1/2

[Event "Torneo Magistral de Salamanca"]
[Site "Salamanca ESP"]
[Date "2005.07.13"]
[Round "5.3"]
[White "Garcia Garcia, Ruben"]
[Black "Lopez Rodriguez, Jose Luis"]
[Result "1-0"]
[WhiteElo "2343"]
[BlackElo "2226"]
[PlyCount "81"]
[EventDate "2005.07.10"]
[EventType "tourn"]
[EventRounds "9"]
[EventCountry "ESP"]
[EventCategory "7"]
[Source "lmi"]
[SourceDate "2005.07.17"]

1. e4 c5 2. Nf3 e6 3. d4 cxd4 4. Nxd4 a6 5. Be3 Nf6 6. Nc3 Qc7 7. Bd3 b5 8. O-O
Bb7 9. Qf3 Nc6 10. h3 b4 11. Nce2 Nxd4 12. Bxd4 e5 13. Be3 d5 14. Ng3 dxe4 15.
Nxe4 Nd5 16. Qf5 Be7 17. Ng5 Bxg5 18. Bxg5 f6 19. Bd2 g6 20. Qg4 f5 21. Qe2 O-O
22. Bc4 a5 23. Rfe1 Rfe8 24. a3 Rac8 25. Bb3 Kg7 26. axb4 Qc6 27. b5 Qc5 28.
Rxa5 Nf4 29. Qe3 Nxg2 30. Qxc5 Rxc5 31. Ra7 Re7 32. Rd1 Nh4 33. Bb4 Nf3+ 34.
Kf1 Nh2+ 35. Ke1 Nf3+ 36. Ke2 Nd4+ 37. Kf1 Rcc7 38. Bxe7 Rxe7 39. Bd5 Bxd5 40.
Rxe7+ Kf6 41. Rc7 1-0

[Event "Torneo Magistral de Salamanca"]
[Site "Salamanca ESP"]
[Date "2005.07.13"]
[Round "5.4"]
[White "Romero Holmes, Alfonso"]
[Black "Vasilev, Milen"]
[Result "1-0"]
[WhiteElo "2503"]
[BlackElo "2419"]
[PlyCount "91"]
[EventDate "2005.07.10"]
[EventType "tourn"]
[EventRounds "9"]
[EventCountry "ESP"]
[EventCategory "7"]
[Source "lmi"]
[SourceDate "2005.07.17"]

1. d4 d5 2. c4 c6 3. Nf3 Nf6 4. e3 a6 5. Nbd2 Bf5 6. Nh4 Be6 7. Bd3 g6 8. cxd5
cxd5 9. Nb3 b6 10. Qe2 Bg7 11. Bd2 Ne4 12. Rc1 O-O 13. O-O Nxd2 14. Nxd2 Qd6
15. a3 Rc8 16. Nhf3 Ra7 17. Nb1 Rxc1 18. Rxc1 Rc7 19. Rxc7 Qxc7 20. Nc3 b5 21.
Ng5 Qc6 22. Nxe6 fxe6 23. f4 Nd7 24. h4 Qb6 25. Nd1 Nf8 26. Nf2 Qc7 27. Qc2
Qxc2 28. Bxc2 Bf6 29. g3 Kf7 30. Nd3 Nd7 31. Nb4 Nb6 32. Bd3 a5 33. Nc6 Nc4 34.
Bxc4 bxc4 35. Nxa5 Ke8 36. Kf2 Kd7 37. b3 Kc7 38. bxc4 Kb6 39. Nb3 dxc4 40. Nc5
Kb5 41. Ke2 e5 42. fxe5 Bxe5 43. dxe5 Kxc5 44. Kd2 e6 45. Kc3 Kb5 46. Kd4 1-0

[Event "Torneo Magistral de Salamanca"]
[Site "Salamanca ESP"]
[Date "2005.07.13"]
[Round "5.5"]
[White "Zlotnik, Boris A"]
[Black "Gomez Esteban, Juan Mario"]
[Result "1/2-1/2"]
[WhiteElo "2434"]
[BlackElo "2467"]
[PlyCount "32"]
[EventDate "2005.07.10"]
[EventType "tourn"]
[EventRounds "9"]
[EventCountry "ESP"]
[EventCategory "7"]
[Source "lmi"]
[SourceDate "2005.07.17"]

1. d4 Nf6 2. c4 e6 3. Nc3 Bb4 4. Qc2 O-O 5. a3 Bxc3+ 6. Qxc3 b6 7. Nf3 Bb7 8.
g3 c5 9. dxc5 bxc5 10. Bg2 a5 11. b3 d6 12. O-O Nbd7 13. Rd1 Qe7 14. Bb2 Rfb8
15. Ra2 Ra6 16. Ba1 h6 1/2-1/2

[Event "Torneo Magistral de Salamanca"]
[Site "Salamanca ESP"]
[Date "2005.07.14"]
[Round "6.1"]
[White "Gomez Esteban, Juan Mario"]
[Black "Sanz Alonso, Francisco Javier"]
[Result "1-0"]
[WhiteElo "2467"]
[BlackElo "2368"]
[PlyCount "61"]
[EventDate "2005.07.10"]
[EventType "tourn"]
[EventRounds "9"]
[EventCountry "ESP"]
[EventCategory "7"]
[Source "lmi"]
[SourceDate "2005.07.17"]

1. d4 Nf6 2. c4 c5 3. d5 e6 4. Nc3 exd5 5. cxd5 d6 6. e4 g6 7. h3 Bg7 8. Nf3
O-O 9. Bd3 b5 10. Bxb5 Nxe4 11. Nxe4 Qa5+ 12. Nfd2 Qxb5 13. Nxd6 Qa6 14. N2c4
Nd7 15. O-O Nb6 16. Nxb6 Qxb6 17. Nxc8 Raxc8 18. Rb1 Rfd8 19. Bf4 Qb4 20. Bg3
Qc4 21. d6 Qxa2 22. d7 Rc6 23. Ra1 Qxb2 24. Rxa7 Qb6 25. Re1 Bf6 26. Re8+ Kg7
27. Ra8 c4 28. Be5 c3 29. Rexd8 c2 30. Rg8+ Kh6 31. Qc1+ 1-0

[Event "Torneo Magistral de Salamanca"]
[Site "Salamanca ESP"]
[Date "2005.07.14"]
[Round "6.2"]
[White "Vasilev, Milen"]
[Black "Zlotnik, Boris A"]
[Result "0-1"]
[WhiteElo "2419"]
[BlackElo "2434"]
[PlyCount "90"]
[EventDate "2005.07.10"]
[EventType "tourn"]
[EventRounds "9"]
[EventCountry "ESP"]
[EventCategory "7"]
[Source "lmi"]
[SourceDate "2005.07.17"]

1. d4 e6 2. c4 Nf6 3. Nc3 d5 4. cxd5 exd5 5. Bg5 Be7 6. e3 c6 7. Qc2 Nbd7 8.
Bd3 O-O 9. Nf3 Re8 10. O-O Nf8 11. h3 g6 12. Na4 Ne4 13. Bf4 Bd6 14. Bxd6 Nxd6
15. Nc5 Ne6 16. b4 Ng5 17. Nxg5 Qxg5 18. Kh2 Re7 19. a4 Bf5 20. Bxf5 Nxf5 21.
Qd1 h5 22. b5 Rc8 23. bxc6 Rxc6 24. Qf3 Nd6 25. Rfc1 Rec7 26. Nd3 Ne4 27. Rxc6
Rxc6 28. Rc1 Rxc1 29. Nxc1 Qe7 30. Qf4 Qa3 31. Qb8+ Kg7 32. Qe5+ Nf6 33. g4
Qxc1 34. g5 Qc6 35. e4 dxe4 36. d5 Qb6 37. Kg2 e3 38. fxe3 h4 39. a5 Qa6 40.
Kf2 Qd6 41. Qd4 Qg3+ 42. Ke2 Qxg5 43. d6 Qg2+ 44. Kd1 Qxh3 45. e4 Qg4+ 0-1

[Event "Torneo Magistral de Salamanca"]
[Site "Salamanca ESP"]
[Date "2005.07.14"]
[Round "6.3"]
[White "Lopez Rodriguez, Jose Luis"]
[Black "Romero Holmes, Alfonso"]
[Result "0-1"]
[WhiteElo "2226"]
[BlackElo "2503"]
[PlyCount "64"]
[EventDate "2005.07.10"]
[EventType "tourn"]
[EventRounds "9"]
[EventCountry "ESP"]
[EventCategory "7"]
[Source "lmi"]
[SourceDate "2005.07.17"]

1. e4 c5 2. Nf3 d6 3. d4 cxd4 4. Nxd4 Nf6 5. Nc3 Nbd7 6. Be3 b6 7. Bc4 Bb7 8.
f3 Rc8 9. Qe2 g6 10. O-O-O Bg7 11. Kb1 Qc7 12. Bb3 Nc5 13. Nd5 Bxd5 14. Bxd5
O-O 15. h4 e6 16. Nb5 Qb8 17. Bc4 d5 18. exd5 a6 19. Nc3 b5 20. Bxc5 Rxc5 21.
Bb3 exd5 22. Nxd5 Nxd5 23. Rxd5 Rxd5 24. Bxd5 b4 25. Qe7 Qg3 26. Qg5 Qf2 27.
Rd1 Qe2 28. Rc1 Bd4 29. Qf4 Be3 30. Qe4 Qd2 31. Rh1 Rd8 32. a4 Rxd5 0-1